Filozófiatörténet ókor, középkor
Elmentve itt :
| Szerző: | |
|---|---|
| Testületi szerző: | |
| Adatforrás: | Philobibl |
| Dokumentumtípus: | Könyv |
| Nyelv: | magyar |
| Kulcsszavak: | filozófiatörténet |
| Megjelent: |
Budapest
Szent István Társulat
2002
|
| LEADER | 00432nam a2200133 ca4500 | ||
|---|---|---|---|
| 001 | bibPHI0033736 | ||
| 005 | 20220128112827.4 | ||
| 008 | 090210s2002 hu hun | ||
| 100 | 1 | |a Rokay Zoltán | |
| 245 | 1 | 0 | |a Filozófiatörténet |b ókor, középkor |c Rokay Zoltán |
| 260 | |a Budapest |b Szent István Társulat |c 2002 | ||
| 300 | |a 289 p. | ||
| 695 | |a filozófiatörténet | ||
| 710 | 2 | |a Pázmány Péter Katolikus Egyetem (Budapest) |b Hittudományi Kar | |